000 00898nam a22002417a 4500
001 47489
003 BD-RjUL
005 20211209054327.0
008 160809s2008 bg ||||| |||| 00| 0 ben d
020 _a9840746618
_c: TK 250.00
035 _a(BD-RjUL)47608
040 _aBD-RjUL
_bben
_cBD-RjUL
041 _aben
082 _223
_a394.26095492
_bBAN 2008
245 0 0 _aবাংলাদেশের উৎসব :
_b নববর্ষ /
260 _aঢাকা :
_bবাংলা একাডেমী,
_c২০০৮
300 _a[১৪], ৩৮৮ পৃ. ;
_c২১ সেমি.
650 _aFestivals
_zBangladesh
_9144398
650 _aউৎসব
_zবাংলাদেশ
_9144399
700 _aহোসেন, মোবারক, সম্পাদক
_9144400
700 _aআজাদ, কুতুব, সম্পাদক
_9144401
942 _2ddc
_cBK
999 _c47489
_d47489